LDR 01316naa#a2200265#i#450# 001 RU\\bibl\125144 005 20260630033900.2 011 ## _a2077-7566 100 ## _a20260629b2026####ek#y0rusy0150####ca 101 0# _aRUS 102 ## _aRU 200 1# _aАДДИТИВНЫЕ ТЕХНОЛОГИИ В СОВРЕМЕННОЙ ОРТОДОНТИИ: ОТ ДИАГНОСТИКИ ДО ИЗГОТОВЛЕНИЯ АППАРАТОВ. ОБЗОР ЛИТЕРАТУРЫ _eЖурнальная статья 210 1# _aЕкатеринбург _cИздательский Дом «ТИРАЖ» _d2026 215 ## _a9 с. 608 ## _aЖурнальная статья _2local 675 ## _aСтоматология. Заболевания ротовой полости и зубов. 616.31 _zRUS 700 #1 _aКравченко _gПавел Сергеевич 700 #1 _aГригоренко _gМарк Павлович 700 #1 _aВакушина _gЕлена Анатольевна 700 #1 _aЛапина _gНаталья Викторовна 700 #1 _aДемина _gКристина Юрьевна 700 #1 _aМрикаева _gМадина Руслановна 700 #1 _aБрагин _gАлександр Евгеньевич 700 #1 _aГригоренко _gПавел Анатольевич 856 4# _adental-press.ru _u